La Imprenta en Filipinas, 1593-1810: Con una demostración gráfica de la originalidad de la primitiva. Adiciones y observaciones a la Imprenta en Manila, de D. J. T. Medina por W. E. Retana
সংরক্ষণ করুন:
| প্রধান লেখক: | |
|---|---|
| বিন্যাস: | গ্রন্থ |
| ভাষা: | স্প্যানিশ |
| প্রকাশিত: |
Madrid
Imprenta de la viuda de M. Minuesa de los Ríos
1899
|
| সংস্করন: | 1a. ed |
| বিষয়গুলি: | |
| ট্যাগগুলো: |
ট্যাগ যুক্ত করুন
কোনো ট্যাগ নেই, প্রথমজন হিসাবে ট্যাগ করুন!
|
MARC
| LEADER | 00000nam a2200000 a 4500 | ||
|---|---|---|---|
| 001 | UCJ6037 | ||
| 003 | CL-VaPUC | ||
| 005 | 20250326130242.0 | ||
| 008 | 070124e18990512SP |||||||||||||||||spa|d | ||
| 999 | |c 322145 |d 322143 | ||
| 040 | |c Pontificia Universidad Católica de Valparaíso | ||
| 082 | 0 | 4 | |a 983.08 |b RET |2 21 |
| 100 | 1 | |a Retana, Wenceslao Emilio |e autor |9 864575 | |
| 245 | 1 | 3 | |a La Imprenta en Filipinas, 1593-1810: Con una demostración gráfica de la originalidad de la primitiva. Adiciones y observaciones a la Imprenta en Manila, de D. J. T. Medina por W. E. Retana |
| 250 | |a 1a. ed | ||
| 260 | |a Madrid |b Imprenta de la viuda de M. Minuesa de los Ríos |c 1899 | ||
| 300 | |a 275 p | ||
| 500 | |a Aunque no se trata de una obra de Medina, por la naturaleza de lo tratado y porque su autor incorpora nuevas entradas a una obra del polígrafo chileno, se ha dejado esta obra junto a la de éste. Advierte errata. Incluye lámina plegada con reproducciones facsimilares, al final | ||
| 583 | |a last modification |c 20070124 00:00:00 |k Rodrigo Vera | ||
| 600 | |a Medina, José Toribio, |d 1852-1930 |9 864344 | ||
| 650 | 0 | |a Imprenta |9 265883 | |
| 650 | 7 | |a BIBLIOGRAFIA |2 CL-VaPUC |9 256175 | |
| 650 | 7 | |a FACSIMILARES |2 CL-VaPUC |9 512223 | |
| 651 | 0 | |a Filipinas |9 258491 | |
| 942 | |c BK |2 ddc | ||
| 945 | |d 20070124 00:00:00 |a rinostro | ||
| 952 | |0 0 |1 0 |4 0 |6 983_080000000000000_RET_1899 |7 0 |8 X |9 401069 |a FDOBUD |b FDOBUD |d 2019-11-22 |i 1042939 |o 983.08 RET 1899 |p 1042939 |r 2019-11-22 |w 2019-11-22 |y BK_X |k BUD | ||